Multigenerational transmission of wealth: Florence, 1403–1480 (Record no. 526002)

000 -LEADER
fixed length control field 01540nam a22001577a 4500
008 - FIXED-LENGTH DATA ELEMENTS--GENERAL INFORMATION
fixed length control field 240430b ||||| |||| 00| 0 eng d
100 ## - MAIN ENTRY--PERSONAL NAME
Personal name Belloc, Marianna et al
245 ## - TITLE STATEMENT
Title Multigenerational transmission of wealth: Florence, 1403–1480
260 ## - PUBLICATION, DISTRIBUTION, ETC. (IMPRINT)
Place of publication, distribution, etc American Economic Journal: Applied Economic
300 ## - PHYSICAL DESCRIPTION
Extent 16(2), Apr, 2024: p.99-129
520 ## - SUMMARY, ETC.
Summary, etc By using hand-collected data on households' wealth assessments, we study multigenerational mobility in Florence during the late Middle Ages. We find that Florentine society was more mobile than one would expect but also that multigenerational mobility was lower than implied by two-generation estimates. We reconcile these findings by showing their consistency with a model where wealth transmission is governed by an unobserved latent factor. We also show that, given our estimates, this model is compatible with the long run persistence obtained by previous studies. Finally, we find that participation in marriage networks and politics correlates with persistence of economic status across generations.- Reproduced

https://www.aeaweb.org/articles?id=10.1257/app.20220137
650 ## - SUBJECT ADDED ENTRY--TOPICAL TERM
Topical term or geographic name as entry element Hand-Collected Data, Households' Wealth Assessments, Multigenerational Mobility, Florence, Late Middle Ages, Two-Generation Estimates, Wealth Transmission, Unobserved Latent Factor, Long-Run Persistence, Marriage Networks, Politics, Economic Status, Generational Persistence
9 (RLIN) 52124
773 ## - HOST ITEM ENTRY
Main entry heading American Economic Journal: Applied Economic
906 ## - LOCAL DATA ELEMENT F, LDF (RLIN)
Subject DIP WEALTH
942 ## - ADDED ENTRY ELEMENTS (KOHA)
Item type Articles
Holdings
Withdrawn status Lost status Source of classification or shelving scheme Damaged status Not for loan Permanent location Current location Date acquired Serial Enumeration / chronology Barcode Date last seen Koha item type
          Indian Institute of Public Administration Indian Institute of Public Administration 2024-04-30 16(2), Apr, 2024: p.99-129 AR131794 2024-04-30 Articles

Powered by Koha